Panoptikum sexuálních vražd. 5., Temné radosti predátorů /
Vyšetřování sexuálně motivovaných vražd, které se odehrály v českých zemích během let 1974-2017. Práce popisuje rovněž samotný průběh těchto zločinů a pohnutky pachatelů.
Uloženo v:
| Série: | Panoptikum sexuálních vražd,
část 5 |
|---|---|
| Hlavní autor: | |
| Médium: | E-kniha |
| Jazyk: | Czech |
| Vydáno: |
Praha :
Epocha,
2023
|
| Vydání: | První vydání |
| Edice: | Victima
|
| Témata: | |
| Příbuzné jednotky: | Z cyklu::
Panoptikum sexuálních vražd |
| Tagy: |
Žádné tagy |
| LEADER | 02621nam a2200577 i 4500 | ||
|---|---|---|---|
| 001 | 312129 | ||
| 003 | CZ PrSKC | ||
| 005 | 20260601215717.0 | ||
| 007 | ta | ||
| 008 | 231107s2023 xr acf e 000 0 cze | ||
| 015 | |a cnb003563847 | ||
| 020 | |a 9788027801404 |q (vázáno) | ||
| 035 | |a (OCoLC)1412782480 | ||
| 040 | |a ABA001 |b cze |e rda | ||
| 043 | |a e-xr--- | ||
| 045 | |a x7y1 | ||
| 072 | 7 | |a 343.9 |x Kriminalistika |2 Konspekt | |
| 080 | |a 343.611:343.54 |2 MRF | ||
| 080 | |a 343.3/.7 |2 MRF | ||
| 080 | |a 343.132:351.74 |2 MRF | ||
| 080 | |a (437.3) |2 MRF | ||
| 080 | |a (0:82-96) |2 MRF | ||
| 100 | 1 | |a Šulc, Viktorín, |d 1951-2025 |7 xx0001074 |4 aut | |
| 245 | 1 | 0 | |a Panoptikum sexuálních vražd. |n 5., |p Temné radosti predátorů / |c Viktorín Šulc |
| 246 | 3 | 0 | |a Temné radosti predátorů |
| 250 | |a První vydání | ||
| 264 | 1 | |a Praha : |b Epocha, |c 2023 | |
| 300 | |a 521 stran, 32 nečíslovaných stran obrazových příloh : |b ilustrace (převážně barevné), portréty ; |c 22 cm | ||
| 336 | |a text |b txt |2 rdacontent | ||
| 337 | |a bez média |b n |2 rdamedia | ||
| 338 | |a svazek |b nc |2 rdacarrier | ||
| 490 | 1 | |a Victima ; |v svazek 15 | |
| 504 | |a Obsahuje bibliografické odkazy | ||
| 520 | 2 | |a Vyšetřování sexuálně motivovaných vražd, které se odehrály v českých zemích během let 1974-2017. Práce popisuje rovněž samotný průběh těchto zločinů a pohnutky pachatelů. | |
| 648 | 4 | |a 1974-2017 | |
| 648 | 7 | |a 20.-21. století |7 ch462155 |2 czenas | |
| 650 | 0 | 7 | |a sexuální vraždy |7 ph125514 |z Česko |y 20.-21. století |2 czenas |
| 650 | 0 | 7 | |a kriminální případy |7 ph121958 |z Česko |y 20.-21. století |2 czenas |
| 650 | 0 | 7 | |a policejní vyšetřování |7 ph158343 |z Česko |y 20.-21. století |2 czenas |
| 650 | 0 | 9 | |a sexual murders |z Czechia |y 20th-21st centuries |2 eczenas |
| 650 | 0 | 9 | |a criminal cases |z Czechia |y 20th-21st centuries |2 eczenas |
| 650 | 0 | 9 | |a police enquiry |z Czechia |y 20th-21st centuries |2 eczenas |
| 655 | 7 | |a literatura faktu |7 fd132773 |2 czenas | |
| 655 | 9 | |a non-fiction |2 eczenas | |
| 787 | 0 | 8 | |i Z cyklu: |t Panoptikum sexuálních vražd |g 5 |
| 830 | 0 | |a Victima | |
| 900 | |a ABA001 |b 21 | ||
| 044 | |a xr | ||
| 910 | |a RBIT002 | ||
| 998 | |d 388411 |a https://core.palmknihy.cz/api/books/388411/cover?s23olo |b https://core.palmknihy.cz/api/books/388411/cover/400?s23olo |c https://core.palmknihy.cz/api/books/388411/cover/50?s23olo |e 2028-10-18 |g 560 |i 9788027801404 |j https://core.palmknihy.cz/api/books/388411/preview.epub |k https://core.palmknihy.cz/api/books/388411/preview.pdf |l |q 49 |r 1 |s https://www.palmknihy.cz/kniha/388411 |t ebook |y 2023 |z 0 |v Panoptikum sexuálních vražd |w 5 | ||
| 999 | |d 312127 | ||